000 00502nam a2200169Ia 4500
008 240729s9999 xx 000 0 und d
022 _a2054-2089
245 0 _aJournal of Global Faultlines
260 _aUnited Kingdom
260 _bPluto Journals
650 _a International relations | Philosophy. Psychology. Religion
650 _a Philosophy (General)
650 _aPolitical science
856 _uhttps://doaj.org/toc/a86df0a80e3c47a8a281a9d89c5bb996
942 _2ddc
942 _cDOAJEJ
999 _c67329
_d67329
945 _a1
_bMadushi Gamage
_c1
_dMadushi Gamage